[Event "Armenia Quindio op"]
[Site "Armenia"]
[Date "2024.04.07"]
[Round "4"]
[White "Lopez Idarraga, Daniel Eduardo"]
[Black "Villada Londono, Thomas"]
[Result "1-0"]
[WhiteElo "2010"]
[BlackElo "1500"]
[PlyCount "71"]
[EventDate "2024.04.06"]
[EventType "swiss"]
[EventRounds "6"]
[EventCountry "COL"]
[SourceTitle "CB16_2024"]
[SourceDate "2024.04.17"]
[SourceVersion "1"]
[SourceVersionDate "2024.04.17"]
[SourceQuality "1"]

1. d4 Nf6 2. Nc3 g6 3. e4 Bg7 4. e5 Ng8 5. Bc4 e6 6. h4 Nc6 7. h5 gxh5 8. Be3 d5 9. Bd3 Nb4 10. Be2 Ne7 11. a3 Nbc6 12. Bd3 Ng6 13. Qxh5 Nce7 14. Nf3 b6 15. Rh3 Bb7 16. Ng5 Qd7 17. Rf3 Nf5 18. g4 Ngh4 19. gxf5 Nxf3+ 20. Qxf3 0-0-0 21. fxe6 fxe6 22. Nxe6 Rdg8 23. Bf5 Kb8 24. Nc5 Qf7 25. Nxb7 Kxb7 26. Bc8+ Kxc8 27. Qxf7 Bxe5 28. Qe6+ Kb8 29. Qxe5 Rg1+ 30. Kd2 Rxa1 31. Qxh8+ Kb7 32. Qxh7 Rg1 33. Nxd5 Ka8 34. Qxc7 Rg8 35. Qc6+ Kb8 36. Bf4# 1-0

[Event "COL-ch sf"]
[Site "Pereira"]
[Date "2024.03.30"]
[Round "8"]
[White "Borre Meza, Orlando David"]
[Black "Lopez Idarraga, Daniel Eduardo"]
[Result "1/2-1/2"]
[WhiteElo "1886"]
[BlackElo "2010"]
[PlyCount "84"]
[EventDate "2024.03.26"]
[EventType "swiss"]
[EventRounds "11"]
[EventCountry "COL"]
[SourceTitle "CB14_2024"]
[SourceDate "2024.04.01"]
[SourceVersion "1"]
[SourceVersionDate "2024.04.01"]
[SourceQuality "1"]

1. e4 c5 2. Nc3 Nc6 3. g3 e6 4. Bg2 Nf6 5. d3 d5 6. Bg5 Be7 7. Nge2 d4 8. Nb1 h6 9. Bxf6 Bxf6 10. f4 e5 11. 0-0 Bg4 12. h3 Bxe2 13. Qxe2 0-0 14. Nd2 b5 15. a4 a6 16. Kh1 Qc7 17. Nf3 Rab8 18. b3 exf4 19. gxf4 Qxf4 20. Nd2 Qe3 21. Qd1 Ne5 22. Rf5 Qg3 23. Qe2 c4 24. Rg1 cxd3 25. cxd3 Qe3 26. Bf1 Qxe2 27. Bxe2 Kh7 28. Nf3 Nxf3 29. Bxf3 Bg5 30. axb5 axb5 31. Rd5 Rfc8 32. e5 Rc2 33. Be4+ Kg8 34. Rf1 Rb7 35. e6 Ra7 36. Rxb5 Bf4 37. exf7+ Kf8 38. Rb7 Raa2 39. Bg2 g5 40. Re1 Kg7 41. Rg1 Be3 42. Rf1 Bf4 1/2-1/2

[Event "COL-ch sf"]
[Site "Pereira"]
[Date "2024.03.26"]
[Round "2"]
[White "Garces Trujillo, Luis Javier"]
[Black "Lopez Idarraga, Daniel Eduardo"]
[Result "0-1"]
[WhiteElo "1875"]
[BlackElo "2010"]
[PlyCount "40"]
[EventDate "2024.03.26"]
[EventType "swiss"]
[EventRounds "11"]
[EventCountry "COL"]
[SourceTitle "CB14_2024"]
[SourceDate "2024.04.01"]
[SourceVersion "1"]
[SourceVersionDate "2024.04.01"]
[SourceQuality "1"]

1. d4 d5 2. Nf3 Nf6 3. c4 c6 4. Nc3 a6 5. e3 Bf5 6. Qb3 Ra7 7. c5 h6 8. Be2 e6 9. Bd2 Nbd7 10. Rc1 Be7 11. 0-0 0-0 12. Rfe1 Ne4 13. Nxe4 dxe4 14. Ne5 Nxe5 15. dxe5 Qxd2 16. Qb6 Raa8 17. Rcd1 Qc2 18. Rc1 Qa4 19. Rc3 Bd8 20. Qxb7 Ba5 0-1

[Event "Titled Tuesday intern op 09th Jan Early"]
[Site "Chess.com INT"]
[Date "2024.01.09"]
[Round "8"]
[White "Abdulrahman Mohammad, Al Taher"]
[Black "Lopez Idarraga, Daniel Eduardo"]
[Result "0-1"]
[WhiteElo "2046"]
[BlackElo "2030"]
[PlyCount "134"]
[EventDate "2024.01.09"]
[EventType "swiss (blitz)"]
[EventRounds "11"]
[EventCountry "USA"]
[SourceTitle "CB03_2024"]
[SourceDate "2024.01.17"]
[SourceVersion "1"]
[SourceVersionDate "2024.01.17"]
[SourceQuality "1"]

1. d4 d5 2. c4 c6 3. Nc3 Nf6 4. e3 Bf5 5. cxd5 cxd5 6. Qb3 Qd7 7. Nf3 a6 8. Ne5 Qc7 9. Nxd5 Nxd5 10. Qxd5 e6 11. Qb3 Nc6 12. Nxc6 bxc6 13. Bd2 Rb8 14. Qc3 Bb4 15. Qc1 0-0 16. Bxb4 Rxb4 17. Bc4 c5 18. dxc5 Qxc5 19. b3 a5 20. 0-0 a4 21. Qd2 axb3 22. Bxb3 Ra8 23. Rac1 Qb6 24. Qd7 Qb7 25. Rfd1 Qxd7 26. Rxd7 Bg6 27. f3 h5 28. e4 h4 29. Kf2 Ra5 30. Rcc7 Re5 31. Ke3 Ra5 32. Rd8+ Kh7 33. Rcc8 Bh5 34. Rh8+ Kg6 35. Rhd8 f5 36. Bxe6 fxe4 37. fxe4 Rb2 38. Bf5+ Kf6 39. Rd6+ Ke7 40. Re6+ Kf7 41. Rc7+ Kf8 42. Rc8+ Kf7 43. Rc7+ Kf8 44. Rec6 g5 45. Rc8+ Ke7 46. R6c7+ Kd6 47. Rd7+ Ke5 48. Re8+ Bxe8 49. Re7+ Kf6 50. Rxe8 Ra3+ 51. Kd4 Rd2+ 52. Kc5 Raxa2 53. Rf8+ Ke5 54. Re8+ Kf4 55. Rg8 Rac2+ 56. Kb4 Rxg2 57. Bg6 Rxh2 58. Rf8+ Kg3 59. e5 Rb2+ 60. Kc5 Rhe2 61. Kd6 h3 62. e6 g4 63. e7 Rbd2+ 64. Kc7 Rxe7+ 65. Kc8 Ra2 66. Kb8 Raa7 67. Rc8 Reb7# 0-1

[Event "Titled Tuesday intern op 09th Jan Early"]
[Site "Chess.com INT"]
[Date "2024.01.09"]
[Round "2"]
[White "Lopez Idarraga, Daniel Eduardo"]
[Black "Aradhya, Garg"]
[Result "1-0"]
[WhiteElo "2030"]
[BlackElo "2390"]
[PlyCount "115"]
[EventDate "2024.01.09"]
[EventType "swiss (blitz)"]
[EventRounds "11"]
[EventCountry "USA"]
[SourceTitle "CB03_2024"]
[SourceDate "2024.01.17"]
[SourceVersion "1"]
[SourceVersionDate "2024.01.17"]
[SourceQuality "1"]

1. e4 e5 2. Nf3 Nc6 3. Nc3 Nf6 4. g3 Bc5 5. Bg2 d6 6. d3 a6 7. h3 0-0 8. 0-0 Re8 9. Kh2 h6 10. Be3 Be6 11. Qd2 Bxe3 12. Qxe3 d5 13. Qe2 dxe4 14. dxe4 Nd4 15. Nxd4 exd4 16. Nb1 c5 17. Nd2 Bd5 18. Qd3 Bc6 19. b3 Qa5 20. Nc4 Qc7 21. a4 Nxe4 22. Rae1 Nc3 23. a5 Bxg2 24. Kxg2 Qc6+ 25. Qf3 Qxf3+ 26. Kxf3 Re6 27. Rxe6 fxe6 28. Re1 Re8 29. Re5 Nd5 30. Ke2 Re7 31. f4 Kf7 32. Nd6+ Kf8 33. Ne4 Rc7 34. Rxe6 Nb4 35. Nd6 Re7 36. Rxe7 Kxe7 37. Nxb7 Nxc2 38. Kd3 Nb4+ 39. Kc4 Nc6 40. Nxc5 Nxa5+ 41. Kxd4 Kd6 42. b4 Nc6+ 43. Kc4 a5 44. Nb7+ Kc7 45. Nxa5 Ne7 46. Kc5 h5 47. b5 Nf5 48. g4 hxg4 49. hxg4 Ne3 50. b6+ Kc8 51. g5 Nf5 52. Kd5 Kd7 53. b7 Kc7 54. Ke6 Nd4+ 55. Kf7 Ne2 56. f5 Nd4 57. f6 gxf6 58. Kxf6 1-0

[Event "Titled Tuesday intern op 09th Jan Early"]
[Site "Chess.com INT"]
[Date "2024.01.09"]
[Round "4"]
[White "Lopez Idarraga, Daniel Eduardo"]
[Black "Rosen, Eric S"]
[Result "0-1"]
[WhiteElo "2030"]
[BlackElo "2361"]
[PlyCount "98"]
[EventDate "2024.01.09"]
[EventType "swiss (blitz)"]
[EventRounds "11"]
[EventCountry "USA"]
[SourceTitle "CB03_2024"]
[SourceDate "2024.01.17"]
[SourceVersion "1"]
[SourceVersionDate "2024.01.17"]
[SourceQuality "1"]

1. e4 c5 2. Nc3 a6 3. g3 b5 4. Bg2 Bb7 5. Nge2 e6 6. 0-0 Nf6 7. Re1 b4 8. Nd5 exd5 9. exd5 d6 10. Nd4+ Kd7 11. Nf3 Bxd5 12. c4 Bc6 13. d4 Kc8 14. d5 Bd7 15. a3 Be7 16. axb4 cxb4 17. c5 Bb5 18. Bf4 Ra7 19. Qc2 Kb7 20. Nd4 dxc5 21. d6+ Kb6 22. dxe7 Rxe7 23. Nb3 Nbd7 24. Bd6 Rxe1+ 25. Rxe1 Qc8 26. Re7 Re8 27. h3 Rxe7 28. Bxe7 a5 29. Nd2 Bc6 30. Nc4+ Ka6 31. Bf1 Bb5 32. Nd6 Qc7 33. Nxb5 Qe5 34. Bd6 Qh5 35. Qe2 Kb6 36. Qxh5 Nxh5 37. Nc7 Nhf6 38. Bf4 g5 39. Na8+ Kb7 40. Bg2+ Ka6 41. Bxg5 a4 42. Nc7+ Ka5 43. Bf3 a3 44. bxa3 bxa3 45. Bc1 Kb4 46. Bxa3+ Kxa3 47. Kf1 c4 48. Ke1 c3 49. Kd1 Kb2 0-1

[Event "Titled Tuesday intern op 09th Jan Early"]
[Site "Chess.com INT"]
[Date "2024.01.09"]
[Round "6"]
[White "Sakun, Volodymyr"]
[Black "Lopez Idarraga, Daniel Eduardo"]
[Result "1-0"]
[WhiteElo "2356"]
[BlackElo "2030"]
[PlyCount "101"]
[EventDate "2024.01.09"]
[EventType "swiss (blitz)"]
[EventRounds "11"]
[EventCountry "USA"]
[SourceTitle "CB03_2024"]
[SourceDate "2024.01.17"]
[SourceVersion "1"]
[SourceVersionDate "2024.01.17"]
[SourceQuality "1"]

1. d4 d5 2. c4 c6 3. Nf3 Nf6 4. e3 Bf5 5. Nc3 e6 6. h3 h6 7. a3 Nbd7 8. b3 Bd6 9. Bb2 Ne4 10. Be2 a6 11. 0-0 0-0 12. Nd2 Ndf6 13. Ndxe4 Nxe4 14. Nxe4 Bxe4 15. Bd3 Bxd3 16. Qxd3 b5 17. cxb5 cxb5 18. Rfc1 Rc8 19. Rxc8 Qxc8 20. Rc1 Qb7 21. Qc2 Rd8 22. Qc6 Qa8 23. Qxa8 Rxa8 24. Rc6 Be7 25. Kf1 Kf8 26. Ke2 Ke8 27. Rc7 Bd6 28. Rb7 Rc8 29. Kd3 Rc7 30. Rb6 Kd7 31. Rxa6 f6 32. Rb6 Ra7 33. Rxb5 Bxa3 34. Bxa3 Rxa3 35. Rb7+ Kc6 36. Rxg7 Rxb3+ 37. Ke2 Kd6 38. Rg6 Ke7 39. Rxh6 Kf7 40. Rh7+ Kg6 41. Re7 Rb6 42. g4 Ra6 43. Kf3 Rb6 44. h4 Ra6 45. h5+ Kh6 46. Kg3 f5 47. gxf5 exf5 48. Kf4 Kxh5 49. Re5 Kg6 50. Rxf5 Ra5 51. f3 1-0

[Event "Titled Tuesday intern op 12th Dec Early"]
[Site "Chess.com INT"]
[Date "2023.12.12"]
[Round "6"]
[White "Lopez Idarraga, Daniel Eduardo"]
[Black "Fernandez Hernandez, Gerardo"]
[Result "1-0"]
[WhiteElo "2030"]
[BlackElo "2181"]
[PlyCount "63"]
[EventDate "2023.12.12"]
[EventType "swiss (blitz)"]
[EventRounds "11"]
[EventCountry "USA"]
[SourceTitle "CB51_2023"]
[SourceDate "2023.12.20"]
[SourceVersion "1"]
[SourceVersionDate "2023.12.20"]
[SourceQuality "1"]

1. e4 e6 2. d4 d5 3. Nc3 Nc6 4. Nf3 Nf6 5. e5 Ne4 6. Bd2 Bd7 7. Bd3 Nxd2 8. Qxd2 f6 9. 0-0 fxe5 10. dxe5 Nb4 11. Be2 c5 12. Nb5 Bxb5 13. Bxb5+ Nc6 14. c4 a6 15. Ba4 Be7 16. Qf4 Rf8 17. Qg4 Qd7 18. cxd5 exd5 19. e6 Qd6 20. Bxc6+ bxc6 21. Rfe1 0-0-0 22. Ne5 Rde8 23. Qxg7 Qxe6 24. Nxc6 Qxc6 25. Rxe7 Rxe7 26. Qxe7 Re8 27. Qxh7 Qe6 28. h4 Qe2 29. Rc1 c4 30. b3 Qb2 31. Rc2 Qb1+ 32. Kh2 1-0

[Event "Titled Tuesday intern op 12th Dec Early"]
[Site "Chess.com INT"]
[Date "2023.12.12"]
[Round "11"]
[White "Lopez Idarraga, Daniel Eduardo"]
[Black "Golubev, Mikhail"]
[Result "1-0"]
[WhiteElo "2030"]
[BlackElo "2461"]
[PlyCount "111"]
[EventDate "2023.12.12"]
[EventType "swiss (blitz)"]
[EventRounds "11"]
[EventCountry "USA"]
[SourceTitle "CB51_2023"]
[SourceDate "2023.12.20"]
[SourceVersion "1"]
[SourceVersionDate "2023.12.20"]
[SourceQuality "1"]

1. e4 c5 2. Nc3 Nc6 3. Bb5 Nd4 4. Nf3 a6 5. Bd3 Nxf3+ 6. Qxf3 g6 7. Bc4 e6 8. d3 b5 9. Bb3 Bb7 10. h4 Nf6 11. Bg5 Be7 12. Bh6 Rg8 13. 0-0-0 Qc7 14. Bg5 Nh5 15. g4 Bxg5+ 16. hxg5 Qf4+ 17. Qxf4 Nxf4 18. Rxh7 Ke7 19. Kd2 Rh8 20. Rdh1 Rxh7 21. Rxh7 Rf8 22. a4 b4 23. Ne2 Nxe2 24. Kxe2 e5 25. Ke3 a5 26. f4 exf4+ 27. Kxf4 d6 28. c3 Bc6 29. cxb4 axb4 30. a5 Bd7 31. a6 Be6 32. Bxe6 Kxe6 33. Rh1 Ra8 34. Ra1 Ra7 35. Ra5 Kd7 36. e5 Kc6 37. exd6 Kxd6 38. d4 c4 39. Ke4 Kc6 40. Rc5+ Kd6 41. Rxc4 Rxa6 42. Rxb4 Ra1 43. Rb6+ Ke7 44. Rb7+ Ke8 45. b4 Rg1 46. Kf4 Rb1 47. b5 Kf8 48. b6 Rb5 49. Ke4 Rxg5 50. Rc7 Rb5 51. b7 Kg7 52. g5 Rb1 53. d5 Re1+ 54. Kf3 Rb1 55. d6 Kf8 56. Rc8+ 1-0

[Event "Titled Tuesday intern op 12th Dec Early"]
[Site "Chess.com INT"]
[Date "2023.12.12"]
[Round "3"]
[White "Pakleza, Zbigniew"]
[Black "Lopez Idarraga, Daniel Eduardo"]
[Result "1-0"]
[WhiteElo "2482"]
[BlackElo "2030"]
[PlyCount "35"]
[EventDate "2023.12.12"]
[EventType "swiss (blitz)"]
[EventRounds "11"]
[EventCountry "USA"]
[SourceTitle "CB51_2023"]
[SourceDate "2023.12.20"]
[SourceVersion "1"]
[SourceVersionDate "2023.12.20"]
[SourceQuality "1"]

1. d4 d5 2. Bf4 c5 3. c3 cxd4 4. cxd4 Nc6 5. e3 Nf6 6. Nc3 a6 7. Nf3 Bg4 8. Bd3 e6 9. Qb3 Bxf3 10. gxf3 Qd7 11. Na4 Bb4+ 12. Ke2 Qe7 13. a3 Bd6 14. Bxd6 Qxd6 15. Qxb7 0-0 16. Rac1 Rfc8 17. Nb6 Rcb8 18. Rxc6 1-0

[Event "Pereira GP op 2nd"]
[Site "Pereira"]
[Date "2023.10.21"]
[Round "1"]
[White "Susunaga Duran, Madelen Fernanda"]
[Black "Lopez Idarraga, Daniel Eduardo"]
[Result "0-1"]
[WhiteElo "1392"]
[BlackElo "2027"]
[PlyCount "48"]
[EventDate "2023.10.21"]
[EventType "swiss"]
[EventRounds "6"]
[EventCountry "COL"]
[SourceTitle "Mega2024 Update 01"]
[Source "Chessbase"]
[SourceDate "2023.11.12"]
[SourceVersion "1"]
[SourceVersionDate "2023.11.12"]
[SourceQuality "1"]

1. e4 c5 2. Nf3 e6 3. d4 cxd4 4. Nxd4 a6 5. f3 Nf6 6. Nc3 Qc7 7. a3 b5 8. Be2 Bb7 9. 0-0 Bc5 10. Kh1 0-0 11. Be3 d5 12. exd5 Nxd5 13. Nxd5 Bxd5 14. Bf2 Nd7 15. Rc1 Nb6 16. Nb3 Bxf2 17. Rxf2 Rfd8 18. Bd3 Bxb3 19. cxb3 Rxd3 20. Qxd3 Qxc1+ 21. Rf1 Qxb2 22. Qd6 Nd5 23. Qc6 Rf8 24. Qc5 Qxb3 0-1

[Event "Titled Tuesday intern op 05th Sep Late"]
[Site "Chess.com INT"]
[Date "2023.09.05"]
[Round "2"]
[White "Eames, Robert"]
[Black "Lopez Idarraga, Daniel Eduardo"]
[Result "1/2-1/2"]
[WhiteElo "2151"]
[BlackElo "2027"]
[PlyCount "127"]
[EventDate "2023.09.05"]
[EventType "swiss (blitz)"]
[EventRounds "11"]
[EventCountry "USA"]
[SourceTitle "EXT 2024"]
[Source "ChessBase"]
[SourceDate "2023.10.10"]
[SourceVersion "1"]
[SourceVersionDate "2023.10.10"]
[SourceQuality "1"]

1. e4 c6 2. d4 d5 3. exd5 cxd5 4. Bd3 Nc6 5. c3 Nf6 6. h3 g6 7. Nf3 Bg7 8. 0-0 0-0 9. Re1 Bf5 10. Bf1 Ne4 11. Be3 Qb6 12. Qb3 Qxb3 13. axb3 a6 14. b4 Rad8 15. Nbd2 e5 16. Nb3 Rfe8 17. b5 axb5 18. Bxb5 exd4 19. Nfxd4 Bd7 20. Bd3 Ne5 21. Bf1 Nc4 22. Bf4 Nxb2 23. Ra7 Bc6 24. Nxc6 bxc6 25. Nd4 Nxc3 26. Rxe8+ Rxe8 27. Nxc6 h5 28. g4 hxg4 29. hxg4 d4 30. Kg2 Nd5 31. Bd2 Rc8 32. Ne7+ Nxe7 33. Rxe7 Nc4 34. Bf4 Bf6 35. Rd7 Nb6 36. Rd6 g5 37. Rxf6 Nd5 38. Rf5 Nxf4+ 39. Kf3 Ng6 40. Rxg5 Rd8 41. Bd3 Kg7 42. Bxg6 fxg6 43. Ke2 Kf6 44. Rc5 Rd6 45. Kd3 g5 46. f3 Kg6 47. Rf5 Rd7 48. Re5 Rf7 49. Ke4 Rf4+ 50. Kd3 Rxf3+ 51. Kxd4 Rf4+ 52. Re4 Kf6 53. Rxf4+ gxf4 54. Ke4 Kg5 55. Kf3 Kg6 56. Kxf4 Kf6 57. g5+ Kg6 58. Kg4 Kg7 59. Kf5 Kf7 60. g6+ Kg7 61. Kg5 Kg8 62. Kf6 Kf8 63. g7+ Kg8 64. Kg6 1/2-1/2

[Event "Titled Tuesday intern op 05th Sep Late"]
[Site "Chess.com INT"]
[Date "2023.09.05"]
[Round "5"]
[White "Lopez Idarraga, Daniel Eduardo"]
[Black "Doluhanova, Evgeniya"]
[Result "0-1"]
[WhiteElo "2027"]
[BlackElo "2230"]
[PlyCount "62"]
[EventDate "2023.09.05"]
[EventType "swiss (blitz)"]
[EventRounds "11"]
[EventCountry "USA"]
[SourceTitle "EXT 2024"]
[Source "ChessBase"]
[SourceDate "2023.10.10"]
[SourceVersion "1"]
[SourceVersionDate "2023.10.10"]
[SourceQuality "1"]

1. d4 Nf6 2. c4 e6 3. Nc3 Bb4 4. e3 0-0 5. Nge2 d5 6. a3 Bxc3+ 7. Nxc3 b6 8. cxd5 exd5 9. Be2 c5 10. 0-0 Ba6 11. Nb5 Qd7 12. a4 Ne4 13. f3 Nd6 14. Qb3 c4 15. Qb4 Nxb5 16. axb5 Bxb5 17. Bd2 a5 18. Qc3 Na6 19. e4 Nb4 20. Rfc1 Rad8 21. e5 f6 22. f4 Qf5 23. Qg3 Bd7 24. Bxb4 axb4 25. Ra7 Qe4 26. Qf2 fxe5 27. dxe5 Be6 28. Qxb6 Qxe2 29. Qxe6+ Kh8 30. Rf1 Qe3+ 31. Kh1 Qxa7 0-1

[Event "Titled Tuesday intern op 05th Sep Late"]
[Site "Chess.com INT"]
[Date "2023.09.05"]
[Round "7"]
[White "Lopez Idarraga, Daniel Eduardo"]
[Black "Prieto Aranguren, Alain"]
[Result "1-0"]
[WhiteElo "2027"]
[BlackElo "2155"]
[PlyCount "137"]
[EventDate "2023.09.05"]
[EventType "swiss (blitz)"]
[EventRounds "11"]
[EventCountry "USA"]
[SourceTitle "EXT 2024"]
[Source "ChessBase"]
[SourceDate "2023.10.10"]
[SourceVersion "1"]
[SourceVersionDate "2023.10.10"]
[SourceQuality "1"]

1. d4 d6 2. e4 e5 3. Nf3 exd4 4. Qxd4 Nf6 5. Nc3 a6 6. Bg5 Be7 7. 0-0-0 Nc6 8. Qe3 0-0 9. h3 Be6 10. e5 Ne8 11. Bxe7 Qxe7 12. Bd3 dxe5 13. Nxe5 Nxe5 14. Qxe5 Nd6 15. Rhe1 Rfe8 16. f4 Qh4 17. Qg5 Qxg5 18. fxg5 b5 19. b3 Rad8 20. g4 Nb7 21. Bf5 Bxf5 22. gxf5 Nd6 23. Nd5 Nxf5 24. Nxc7 Rxe1 25. Rxe1 Rc8 26. Nxa6 Nd4 27. Nb4 Nf3 28. Rd1 Nxg5 29. Rd5 Nxh3 30. Rxb5 Nf4 31. a4 h5 32. Rf5 Ne6 33. Rxh5 Nd4 34. Kb2 g6 35. Rd5 Ne6 36. a5 g5 37. Rd3 Kg7 38. a6 g4 39. Nd5 Ra8 40. Ne3 Rxa6 41. Nxg4 Rb6 42. Ne5 Rb5 43. Rg3+ Kf6 44. Nc4 Ke7 45. Rf3 Rb7 46. Rxf7+ Kxf7 47. Nd6+ Ke7 48. Nxb7 Kd7 49. Na5 Kd6 50. Nc4+ Kc5 51. Kc3 Nd4 52. b4+ Kd5 53. Nb6+ Ke5 54. Kd3 Nc6 55. Kc4 Kd6 56. c3 Kc7 57. Nd5+ Kb7 58. b5 Na7 59. Kc5 Nc8 60. c4 Kb8 61. Kc6 Na7+ 62. Kd7 Nc8 63. c5 Na7 64. b6 Nb5 65. c6 Ka8 66. c7 Nxc7 67. bxc7 Ka7 68. Nf6 Kb6 69. c8Q 1-0

[Event "Titled Tuesday intern op 29th Aug Early"]
[Site "Chess.com INT"]
[Date "2023.08.29"]
[Round "11"]
[White "Lopez Idarraga, Daniel Eduardo"]
[Black "Dobre, Claudiu Cristian"]
[Result "1-0"]
[WhiteElo "2009"]
[BlackElo "2257"]
[PlyCount "77"]
[EventDate "2023.08.29"]
[EventType "swiss (blitz)"]
[EventRounds "11"]
[EventCountry "USA"]
[SourceTitle "EXT 2024"]
[Source "ChessBase"]
[SourceDate "2023.10.10"]
[SourceVersion "1"]
[SourceVersionDate "2023.10.10"]
[SourceQuality "1"]

1. d4 d5 2. c4 c6 3. cxd5 cxd5 4. Nc3 Nf6 5. Bf4 Nc6 6. e3 Bf5 7. Qb3 Na5 8. Qa4+ Bd7 9. Qd1 e6 10. Bd3 Rc8 11. h3 Bb4 12. Rc1 b5 13. Nf3 Nc4 14. Bxc4 bxc4 15. 0-0 0-0 16. Ne5 Qe7 17. Bg5 Rc7 18. Qf3 Qd8 19. e4 Bxc3 20. bxc3 dxe4 21. Qg3 Rc8 22. Bxf6 Qxf6 23. Nxd7 Qe7 24. Nxf8 Kxf8 25. Rfe1 Qa3 26. Qh4 h6 27. Qxe4 Kg8 28. Rc2 Rb8 29. d5 exd5 30. Qxd5 Qa4 31. Rce2 g6 32. Re7 Rf8 33. h4 Qxa2 34. h5 Qc2 35. hxg6 Qxg6 36. R1e3 Kh8 37. Rg3 Qf6 38. Qe5 Qxe5 39. Rxe5 1-0

[Event "Titled Tuesday intern op 29th Aug Late"]
[Site "Chess.com INT"]
[Date "2023.08.29"]
[Round "4"]
[White "Lopez Idarraga, Daniel Eduardo"]
[Black "Kleiman, Jake"]
[Result "0-1"]
[WhiteElo "2009"]
[BlackElo "2399"]
[PlyCount "140"]
[EventDate "2023.08.29"]
[EventType "swiss (blitz)"]
[EventRounds "11"]
[EventCountry "USA"]
[SourceTitle "EXT 2024"]
[Source "ChessBase"]
[SourceDate "2023.10.10"]
[SourceVersion "1"]
[SourceVersionDate "2023.10.10"]
[SourceQuality "1"]

1. d4 Nf6 2. c4 e6 3. Nc3 Bb4 4. e3 0-0 5. Nge2 d5 6. a3 Be7 7. cxd5 exd5 8. Nf4 Re8 9. Bd3 c6 10. 0-0 Nbd7 11. Bd2 Nb6 12. b4 Bf8 13. Qf3 Qe7 14. Rab1 Ne4 15. Bxe4 dxe4 16. Qe2 Bf5 17. a4 Qd7 18. a5 Nd5 19. Nfxd5 cxd5 20. Qb5 Red8 21. Qxd7 Rxd7 22. Rfc1 Rc8 23. Na4 Rdc7 24. Rxc7 Rxc7 25. Nc5 b6 26. axb6 axb6 27. Na6 Rc2 28. Be1 Bg4 29. h3 Be2 30. b5 Bd3 31. Bb4 Rxf2 32. Kxf2 Bxb1 33. Bxf8 Kxf8 34. Nc7 Ba2 35. Na8 Ke7 36. Nxb6 Kd8 37. Kg3 Bb3 38. Kf4 Kc7 39. Na8+ Kb7 40. Ke5 Kxa8 41. Kd6 h5 42. Kc7 Bc4 43. b6 Ba6 44. h4 Bb7 45. g3 g6 46. Kd7 Kb8 47. Ke7 Bc8 48. Kd6 Be6 49. Kc6 Kc8 50. Kb5 Kb7 51. Kc5 Bf5 52. Kxd5 Kxb6 53. Ke5 Kc6 54. Kf6 Be6 55. Ke5 Bd5 56. Kf4 Kd6 57. g4 hxg4 58. Kxg4 Ke6 59. Kg5 Bc4 60. Kf4 f6 61. Kxe4 Bb3 62. Kf4 Kd5 63. Kf3 Bc2 64. Kf4 Bd3 65. Kf3 Bc2 66. Kf4 Bd1 67. Kg3 Ke4 68. Kf2 Bg4 69. Kg3 Bh5 70. Kf2 f5 0-1

[Event "Titled Tuesday intern op 29th Aug Early"]
[Site "Chess.com INT"]
[Date "2023.08.29"]
[Round "7"]
[White "Lopez Idarraga, Daniel Eduardo"]
[Black "Yedidia, Jonathan"]
[Result "1-0"]
[WhiteElo "2009"]
[BlackElo "2360"]
[PlyCount "85"]
[EventDate "2023.08.29"]
[EventType "swiss (blitz)"]
[EventRounds "11"]
[EventCountry "USA"]
[SourceTitle "EXT 2024"]
[Source "ChessBase"]
[SourceDate "2023.10.10"]
[SourceVersion "1"]
[SourceVersionDate "2023.10.10"]
[SourceQuality "1"]

1. d4 d5 2. c4 c6 3. cxd5 cxd5 4. Nc3 Nf6 5. Bf4 Nc6 6. e3 a6 7. Rc1 Bf5 8. Qb3 Na5 9. Qa4+ Bd7 10. Qd1 Rc8 11. Bd3 e6 12. Nf3 Be7 13. Ne5 Nc4 14. Bxc4 dxc4 15. 0-0 b5 16. Qf3 0-0 17. a4 Qb6 18. axb5 axb5 19. Bg5 Rfd8 20. Rfd1 Be8 21. h4 h6 22. Bf4 Nd5 23. Bg3 Nb4 24. Bf4 Nd5 25. Bg3 b4 26. Ne4 c3 27. bxc3 Nxc3 28. Nxc3 bxc3 29. Qe4 Ba4 30. Re1 c2 31. Bf4 Bb4 32. Re2 Ba3 33. Rcxc2 Qb1+ 34. Kh2 Bxc2 35. Qf3 Be4 36. Qg3 Rc1 37. Qg4 Bf5 38. Qh5 Rh1+ 39. Kg3 Rf8 40. Nd7 Qg1 41. Nxf8 Rh2 42. f3 Rh1 43. Bxh6 1-0